| 000 | 00540npc a2200217Ia 4500 | ||
|---|---|---|---|
| 001 | dg91-39733 | ||
| 003 | IT-MiCISF | ||
| 008 | 161014s9999||||xx | und|| | ||
| 040 |
_aIT-MiCISF _cIT-MiCISF |
||
| 041 | _ait | ||
| 100 | _aPetrone Loredana | ||
| 245 | 0 |
_aIl bullismo _b2° Convegno di Axi |
|
| 250 | _a1a ed. | ||
| 260 |
_a Roma _bMagi _c2004 |
||
| 300 | _app. 47 | ||
| 500 | _a / bullismo, prevenzione / | ||
| 650 | _amaltrattamenti-violenza | ||
| 700 | _aTroiano Marco | ||
| 942 | _cDD | ||
| 957 | _71 | ||
| 999 |
_a39733 _bsi _g1 _c207062 _d207062 |
||